[Event "Medellin Antioquia-ch"]
[Site "Medellin"]
[Date "2024.05.05"]
[Round "6"]
[White "Bohorquez Gutierrez, Daniel"]
[Black "Jaramillo Chavarria, Sofia"]
[Result "1-0"]
[WhiteElo "1858"]
[BlackElo "1611"]
[PlyCount "113"]
[EventDate "2024.05.01"]
[EventType "swiss"]
[EventRounds "7"]
[EventCountry "COL"]
[SourceTitle "CB20_2024"]
[SourceDate "2024.05.16"]
[SourceVersion "1"]
[SourceVersionDate "2024.05.16"]
[SourceQuality "1"]

1. Nf3 Nf6 2. g3 g6 3. b3 Bg7 4. Bb2 d6 5. Bg2 0-0 6. 0-0 Nbd7 7. d4 e5 8. dxe5 Ng4 9. Nbd2 Ngxe5 10. Qc1 Re8 11. Re1 Rb8 12. h3 b6 13. Nd4 c5 14. Nb5 a6 15. Nxd6 Re6 16. Nxc8 Rxc8 17. c4 Qc7 18. Qc2 Nf6 19. Rad1 Rce8 20. Nf3 Nxf3+ 21. Bxf3 Rd8 22. Rxd8+ Qxd8 23. Rd1 Rd6 24. e3 Rxd1+ 25. Qxd1 Qe7 26. Qd3 Nd7 27. Bxg7 Kxg7 28. Bg2 Kf8 29. Kf1 f5 30. Qc3 Nf6 31. Qd3 Ne4 32. g4 Nd6 33. Qd5 a5 34. Qa8+ Kg7 35. Qc6 Qd8 36. Qd5 Qf6 37. Bf3 fxg4 38. hxg4 Nf7 39. Qb7 Kf8 40. Qb8+ Kg7 41. Bd5 g5 42. Qc7 Kf8 43. Qxf7+ Qxf7 44. Bxf7 Kxf7 45. f4 h6 46. Kf2 gxf4 47. exf4 Kf6 48. Kg3 Kg6 49. Kh4 Kg7 50. Kh5 Kh7 51. g5 hxg5 52. Kxg5 Kg7 53. Kf5 Kf7 54. a3 Ke7 55. Kg6 Ke6 56. f5+ Ke7 57. Kg7 1-0

[Event "Medellin Antioquia-ch"]
[Site "Medellin"]
[Date "2024.05.04"]
[Round "5"]
[White "Gonzalez Gonzalez, Guillermo David"]
[Black "Bohorquez Gutierrez, Daniel"]
[Result "0-1"]
[WhiteElo "1690"]
[BlackElo "1858"]
[PlyCount "78"]
[EventDate "2024.05.01"]
[EventType "swiss"]
[EventRounds "7"]
[EventCountry "COL"]
[SourceTitle "CB20_2024"]
[SourceDate "2024.05.16"]
[SourceVersion "1"]
[SourceVersionDate "2024.05.16"]
[SourceQuality "1"]

1. d4 d5 2. Bf4 c6 3. Nd2 Nf6 4. e3 Bf5 5. Ngf3 e6 6. a3 Nbd7 7. Ne5 Nxe5 8. dxe5 Ne4 9. Be2 Qb6 10. Rb1 Nxd2 11. Qxd2 Bxa3 12. 0-0 Bb4 13. Qd1 0-0 14. Bd3 Bxd3 15. Qxd3 c5 16. c3 c4 17. Qe2 Bc5 18. Qg4 Rfe8 19. Bh6 Bf8 20. Rfd1 Qc7 21. Bf4 a5 22. h4 a4 23. h5 a3 24. bxa3 Rxa3 25. Rdc1 Rea8 26. Qd1 R8a6 27. g4 Rb6 28. Ra1 Rbb3 29. Qd2 Qa5 30. Rxa3 Qxa3 31. Kg2 b5 32. Rc2 Qa1 33. Bg5 Rb1 34. Qe2 Rh1 35. Kf3 Qg1 36. Bf4 Rh3+ 37. Bg3 Qh1+ 38. Kf4 Qe4+ 39. Kg5 Be7# 0-1

[Event "Medellin Antioquia-ch"]
[Site "Medellin"]
[Date "2024.05.02"]
[Round "3"]
[White "Restrepo, Hugo"]
[Black "Bohorquez Gutierrez, Daniel"]
[Result "0-1"]
[WhiteElo "1714"]
[BlackElo "1858"]
[PlyCount "58"]
[EventDate "2024.05.01"]
[EventType "swiss"]
[EventRounds "7"]
[EventCountry "COL"]
[SourceTitle "CB20_2024"]
[SourceDate "2024.05.16"]
[SourceVersion "1"]
[SourceVersionDate "2024.05.16"]
[SourceQuality "1"]

1. e4 c5 2. Nf3 Nc6 3. d4 cxd4 4. Nxd4 g6 5. c4 Nf6 6. Nc3 d6 7. Be2 Nxd4 8. Qxd4 Bg7 9. 0-0 0-0 10. f3 Ng4 11. Qd2 Qb6+ 12. Kh1 Nf2+ 13. Rxf2 Qxf2 14. Nd5 e6 15. Nf4 Bd7 16. Nh3 Qh4 17. Qd1 h6 18. Be3 d5 19. cxd5 exd5 20. Nf4 d4 21. g3 Qf6 22. Nd5 Qd8 23. Bxd4 Bxd4 24. Qxd4 f5 25. e5 Be6 26. Rd1 Qxd5 27. Qxd5 Bxd5 28. Rxd5 Rfd8 29. Rb5 Rac8 0-1

[Event "Medellin Easter op 11th"]
[Site "Medellin"]
[Date "2023.04.07"]
[Round "4"]
[White "Zapata Sanchez, Juan Jose"]
[Black "Bohorquez Gutierrez, Daniel"]
[Result "1-0"]
[WhiteElo "1169"]
[BlackElo "1730"]
[PlyCount "83"]
[EventDate "2023.04.05"]
[EventType "swiss"]
[EventRounds "7"]
[EventCountry "COL"]
[SourceTitle "CBM 213 Extra"]
[Source "ChessBase"]
[SourceDate "2023.05.31"]
[SourceVersion "1"]
[SourceVersionDate "2023.05.31"]
[SourceQuality "1"]

1. d4 Nf6 2. Bf4 g6 3. e3 Bg7 4. Nf3 0-0 5. Be2 c5 6. c3 d6 7. h3 Be6 8. 0-0 Qb6 9. Qc1 Nc6 10. Nbd2 Rac8 11. dxc5 Qxc5 12. Nd4 Bd7 13. Bf3 e5 14. N4b3 Qb6 15. Bg5 a5 16. Nc4 Qc7 17. Qd2 a4 18. Nc1 e4 19. Bxf6 exf3 20. Bxg7 fxg2 21. Kxg2 Kxg7 22. Ne2 Be6 23. Na3 Qa5 24. Nf4 Qg5+ 25. Kh2 Bf5 26. e4 Ne5 27. f3 Kh8 28. exf5 Qxf5 29. Qd4 f6 30. h4 h6 31. Qe4 Ng4+ 32. Kg3 Qxe4 33. fxe4 Ne5 34. Rad1 Rc6 35. Rd5 Re8 36. Nb5 g5 37. Nh5 Nc4 38. Rxf6 gxh4+ 39. Kh3 Rxe4 40. Rxh6+ Kg8 41. Rg5+ Kf8 42. Rg7 1-0

[Event "Medellin Easter op 11th"]
[Site "Medellin"]
[Date "2023.04.06"]
[Round "3"]
[White "Bohorquez Gutierrez, Daniel"]
[Black "Salcedo Perez, Pablo Esteban"]
[Result "0-1"]
[WhiteElo "1730"]
[BlackElo "2128"]
[PlyCount "76"]
[EventDate "2023.04.05"]
[EventType "swiss"]
[EventRounds "7"]
[EventCountry "COL"]
[SourceTitle "CBM 213 Extra"]
[Source "ChessBase"]
[SourceDate "2023.05.31"]
[SourceVersion "1"]
[SourceVersionDate "2023.05.31"]
[SourceQuality "1"]

1. Nf3 d5 2. g3 Nf6 3. Bg2 g6 4. b3 Bg7 5. Bb2 0-0 6. c4 c6 7. 0-0 Re8 8. cxd5 cxd5 9. d4 Nc6 10. Nc3 Bf5 11. Nh4 Ne4 12. Nxf5 gxf5 13. e3 Nxc3 14. Bxc3 e6 15. Qd3 Qb6 16. Rfc1 Rac8 17. Bf1 a6 18. Qd2 Bf8 19. Bd3 Rc7 20. Qe2 Rec8 21. Rd1 f6 22. Qh5 Nb4 23. Bxb4 Qxb4 24. Kh1 Qa3 25. g4 Qb2 26. gxf5 Qxf2 27. fxe6 Qxe3 28. Qxd5 Kh8 29. Qf5 Qxd4 30. e7 Rxe7 31. Qxc8 Qd5+ 32. Kg1 Rg7+ 33. Kf2 Rg2+ 34. Ke3 Rg8 35. Qf5 Bc5+ 36. Kf4 Qd4+ 37. Qe4 Qf2+ 38. Qf3 Qxh2+ 0-1

[Event "Medellin Easter op 11th"]
[Site "Medellin"]
[Date "2023.04.06"]
[Round "2"]
[White "Fernandez, Andres2222"]
[Black "Bohorquez Gutierrez, Daniel"]
[Result "0-1"]
[WhiteElo "1551"]
[BlackElo "1730"]
[PlyCount "90"]
[EventDate "2023.04.05"]
[EventType "swiss"]
[EventRounds "7"]
[EventCountry "COL"]
[SourceTitle "CBM 213 Extra"]
[Source "ChessBase"]
[SourceDate "2023.05.31"]
[SourceVersion "1"]
[SourceVersionDate "2023.05.31"]
[SourceQuality "1"]

1. e4 c5 2. Nf3 g6 3. d4 cxd4 4. Nxd4 Bg7 5. Nc3 Nc6 6. Be3 Nf6 7. Be2 0-0 8. Qd2 d5 9. Nxc6 bxc6 10. exd5 cxd5 11. 0-0 Rb8 12. b3 Ne4 13. Nxe4 Bxa1 14. Rxa1 dxe4 15. Qxd8 Rxd8 16. Bxa7 Ra8 17. Be3 e5 18. a4 f5 19. g3 Be6 20. Rd1 Rxd1+ 21. Bxd1 Kf7 22. c3 Rd8 23. Bc2 Rb8 24. b4 Bc4 25. a5 Ke6 26. Ba4 Kd5 27. Bb6 f4 28. b5 e3 29. fxe3 fxe3 30. Bxe3 Bxb5 31. Bb3+ Ke4 32. Bb6 Kd3 33. Bc7 Re8 34. c4 Bxc4 35. Bxc4+ Kxc4 36. a6 Kb5 37. a7 Ka6 38. Bxe5 Kxa7 39. Bf4 Re2 40. h4 Kb6 41. Kf1 Ra2 42. Kg1 Kc5 43. Be3+ Kd5 44. Bf2 Ke4 45. Kg2 h5 0-1

[Event "Sabaneta op-B 1st"]
[Site "Sabaneta"]
[Date "2022.11.26"]
[Round "2"]
[White "Bohorquez Gutierrez, Daniel"]
[Black "Loaiza, John Mario"]
[Result "0-1"]
[WhiteElo "1600"]
[BlackElo "1932"]
[PlyCount "70"]
[EventDate "2022.11.25"]
[EventType "swiss"]
[EventRounds "8"]
[EventCountry "COL"]
[SourceTitle "CBM 211 Extra"]
[Source "ChessBase"]
[SourceDate "2023.01.31"]
[SourceVersion "1"]
[SourceVersionDate "2023.01.31"]
[SourceQuality "1"]

1. Nf3 Nf6 2. g3 g6 3. b3 Bg7 4. Bb2 d5 5. Bg2 0-0 6. 0-0 c5 7. d4 cxd4 8. Nxd4 e5 9. Nf3 e4 10. Nd4 Nc6 11. e3 Re8 12. Nd2 a6 13. a3 Qd6 14. Nxc6 bxc6 15. c4 Bf5 16. h3 Rad8 17. Rc1 h5 18. Qc2 Nh7 19. Bxg7 Kxg7 20. Qc3+ Kg8 21. Rfd1 Qe6 22. h4 Bg4 23. Re1 Nf6 24. cxd5 cxd5 25. Qc6 Rd6 26. Qa4 Nd7 27. Rc7 Ne5 28. Rec1 Rf8 29. Bf1 Bh3 30. Bg2 Qf5 31. Qd4 Rf6 32. Rf1 Nf3+ 33. Bxf3 Bxf1 34. Bxe4 Qxf2+ 35. Kh1 dxe4 0-1